| 000 | 00761cam a22002654a 4500 | ||
|---|---|---|---|
| 001 | 11949279 | ||
| 003 | CEME | ||
| 005 | 20210628201511.0 | ||
| 008 | 000322s2000 maua 001 0 eng | ||
| 010 | _a 00036133 | ||
| 020 | _a0073655783 | ||
| 040 |
_aDLC _cDLC _dDLC |
||
| 042 | _apcc | ||
| 050 | 0 | 0 |
_aQA76.758. _bP75 2000 |
| 082 | 0 | 0 |
_a005.1 _221 |
| 100 | 1 |
_aPressman, Roger S. _917958 |
|
| 245 | 1 | 0 |
_aSoftware engineering _ba practitioner's approach / _cRoger S. Pressman. |
| 250 | _a5th ed. | ||
| 260 |
_aBoston, Mass. : _bMcGraw Hill, _c2000. |
||
| 300 |
_axxvii, 860 p. : _bill. ; _c24 cm. |
||
| 440 | 0 |
_aMcGraw-Hill series in computer science _955540 |
|
| 500 | _aIncludes index. | ||
| 650 | 0 |
_aSoftware engineering. _92256 |
|
| 942 |
_2ddc _cBK |
||
| 999 |
_c566377 _d566377 |
||